000 00447pab a2200157 454500
008 180718b1997 xxu||||| |||| 00| 0 eng d
100 _aSheel, Ranjana
245 _aInstitutionalisation and expansion of dowry system in colonial north India
260 _c1997
300 _ap.1709-718
362 _a12 Jul
650 _aSocial problems - India, North
650 _aSocial problems
773 _aEconomic and Political Weekly
909 _a34809
999 _c34809
_d34809